Normal view
MARC view
Entry Personal Name
001 - CONTROL NUMBER
- control field: 13662
003 - CONTROL NUMBER IDENTIFIER
- control field: BD-RjUL
005 - DATE AND TIME OF LATEST TRANSACTION
- control field: 20241002111521.0
008 - FIXED-LENGTH DATA ELEMENTS
- fixed length control field: 241002|| aca||aabn | a|a d
040 ## - CATALOGING SOURCE
- Original cataloging agency: BD-RjUL
- Transcribing agency: BD-RjUL
100 ## - HEADING--PERSONAL NAME
- Personal name: Ahmed, Wazifa
670 ## - SOURCE DATA FOUND
- Source citation: Work cat.: (BD-RjUL)84061: Ahmed, Wazifa, Some Aspects of the Social and Economic Condition of Rajshahi District in the Later Part of the 19th Century (1872-1901) /, 1995